Questions-réponses sur Cambrai - Statistiques

Statistiques générales
  • Ce quiz a été pris 56 fois
  • Le résultat moyen est 6 sur 16
Statistiques - réponses
Questions Réponses % Correct
Département dans lequel se situe Cambrai, le seul qui porte le nom d'un point cardinal. Le Nord
100%
Fleuve qui arrose Cambrai. L'Escaut
73%
Friandise enrobée de menthe typique de Cambrai et dont le nom peut prêter à sourire. La bêtise de Cambrai
67%
Autre ville située à 15 kilomètres de Cambrai et célèbre pour sa dentelle depuis la fin du XIXe siècle. Caudry
63%
Ancienne province française de 1789 dont les frontières correspondent peu ou prou à ce département. La Flandre
46%
Région naturelle et très ancienne province de France qui correspond aujourd'hui à l'arrondissement de Cambrai. Le Cambrésis
40%
Célèbre pionnier de l'aviation natif de Cambrai qui le premier, traversa la Manche en 1909. Louis Blériot
40%
Spécialité gastronomique de Cambrai. De forme cylindrique, elle est traditionnellement et exclusivement élaborée à partir de fraises de veau, précuites, embossées dans un boyau de bœuf ou un chaudin de porc. L'andouillette de Cambrai
33%
Avec plus de 175 mille visiteurs en moyenne, la fête ____ de Cambrai est la plus importante de la nouvellement créée région des "Hauts de France" et l'une des plus grandes de France. Foraine
27%
Ancien archevêque de Cambrai dont l'œuvre "Les explications des maximes des saints" fut condamnée pour quiétisme en 1699 par le Pape Innocent XII à la requête de Louis XIV. François de Salignac de La Mothe-Fénelon
23%
Alors que les Autrichiens approchaient, Saint-Just et Le Bas envoyèrent Joseph Le Bon à Cambrai pour faire régner la Terreur et selon les mots de ce dernier "régénérer Cambrai, ville de prêtres, de fanatistes et d'aristocrates". D'avril à juin 1794, Le Bon condamna à mort 153 "ennemis de l'intérieur" dont beaucoup de gens du peuple qui furent exécutés au moyen de la ________. Guillotine
23%
Pays dans lequel étaient persécutées, à la suite de la "Conspiration des Poudres" contre le roi protestant (1605), les religieuses bénédictines qui réfugiées à Cambrai ont fondé l'abbaye Notre-Dame-de-Consolation, en 1622. L'Angleterre
21%
Durant la Révolution, le prince-archevêque de Cambrai, Monseigneur de Rohan, ayant refusé de prêter serment à la Constitution civile du clergé, choisit de se réfugier dans cette ville belge qui se tient à environ 65 km de Cambrai. Il fut plus tard destitué et remplacé par un prêtre constitutionnel. Mons
15%
Ville de cette région célèbre pour son Traité de 1559 entre la France, l'Angleterre et l'Espagne. Le Cateau-Cambrésis
13%
Vainqueur de la Bataille de Waterloo qui avait établi son quartier général à Cambrai. Arthur Wellesley,duc de Wellington
10%
La Chapelle des Jésuites de Cambrai honore la mémoire de martyrs catholiques (jésuites, franciscains, dominicains) qui, dans ce pays, furent persécutés, exécutés (65 en tout), brûlés au poteau ou décapités, en 1597 puis en 1622 et enfin entre 1633 et 1637. Accessoirement, leur mémoire est également honorée par le film Silence de Martin Scorsese (2016). Le Japon
6%
Aucun quiz correspondant
Distribution des résultats
% des personnes avec chaque résultat
Percentile par nombre de réponses
Votre historique - résultats
Vous n’avez pas pris ce quiz